[Event "BCF-chT 2324 (4NCL)"]
[Site "England"]
[Date "2024.02.10"]
[Round "5.2"]
[White "Wall, Tim"]
[Black "Swanson, Stephen"]
[Result "1/2-1/2"]
[WhiteElo "2198"]
[BlackElo "2156"]
[PlyCount "46"]
[EventDate "2023.11.11"]
[EventType "team-tourn"]
[EventRounds "11"]
[EventCountry "ENG"]
[SourceTitle "CB11_2024"]
[SourceDate "2024.03.13"]
[SourceVersion "1"]
[SourceVersionDate "2024.03.13"]
[SourceQuality "1"]
[WhiteTeam "Chessable White Rose"]
[BlackTeam "Alba"]
[WhiteTeamCountry "ENG"]
[BlackTeamCountry "ENG"]

1. Nc3 d6 2. e4 g6 3. d4 Bg7 4. Be2 a6 5. h4 h5 6. Nf3 Nc6 7. Be3 Nf6 8. d5 Ne5 9. Nxe5 dxe5 10. a4 0-0 11. Bc4 Ne8 12. Qe2 Nd6 13. Bb3 Bd7 14. f3 b5 15. g4 hxg4 16. h5 f5 17. hxg6 Qe8 18. exf5 Bxf5 19. fxg4 Bxg6 20. 0-0-0 Rf7 21. Bh6 Qf8 22. g5 Rf2 23. Qe3 Qf4 1/2-1/2

[Event "Scarborough op"]
[Site "Scarborough"]
[Date "2023.10.29"]
[Round "5"]
[White "Wall, Tim"]
[Black "Sooraj, Menothuparam Raju"]
[Result "0-1"]
[WhiteElo "2216"]
[BlackElo "1925"]
[PlyCount "48"]
[EventDate "2023.10.27"]
[EventType "swiss"]
[EventRounds "5"]
[EventCountry "ENG"]
[SourceTitle "Mega2024 Update 01"]
[Source "Chessbase"]
[SourceDate "2023.11.12"]
[SourceVersion "1"]
[SourceVersionDate "2023.11.12"]
[SourceQuality "1"]

1. d4 f5 2. g3 Nf6 3. Bg2 g6 4. Nf3 Bg7 5. 0-0 0-0 6. b3 d6 7. Bb2 Ne4 8. Nbd2 Nc6 9. e3 e5 10. dxe5 Nxd2 11. Qxd2 dxe5 12. Qxd8 Rxd8 13. Rad1 e4 14. Nd4 Nb4 15. c3 Nd3 16. Ba1 c5 17. Ne2 Be6 18. f3 exf3 19. Bxf3 Rd7 20. Nf4 Nxf4 21. exf4 Rad8 22. Rxd7 Rxd7 23. Rd1 Rxd1+ 24. Bxd1 b5 0-1

[Event "BCF-chT 2223 (4NCL)"]
[Site "England"]
[Date "2023.03.18"]
[Round "7.5"]
[White "Royal, Shreyas"]
[Black "Wall, Tim"]
[Result "1-0"]
[WhiteElo "2431"]
[BlackElo "2290"]
[PlyCount "81"]
[EventDate "2022.10.22"]
[EventType "team-swiss"]
[EventRounds "11"]
[EventCountry "ENG"]
[SourceTitle "CBM 213 Extra"]
[Source "ChessBase"]
[SourceDate "2023.05.31"]
[SourceVersion "1"]
[SourceVersionDate "2023.05.31"]
[SourceQuality "1"]
[WhiteTeam "Wood Green Youth"]
[BlackTeam "Chessable White Rose II"]
[WhiteTeamCountry "ENG"]
[BlackTeamCountry "ENG"]

1. Nf3 g6 2. c4 Bg7 3. Nc3 d6 4. d4 e5 5. e3 Nd7 6. Be2 Ngf6 7. 0-0 0-0 8. b4 Re8 9. Qc2 e4 10. Nd2 Qe7 11. Bb2 Nf8 12. Rfc1 Bf5 13. Nd5 Nxd5 14. cxd5 Rac8 15. Qa4 a6 16. Rc2 Nd7 17. Qb3 Nf6 18. Rac1 h5 19. h3 h4 20. Nf1 g5 21. Nh2 Qd7 22. b5 a5 23. b6 a4 24. Qb5 cxb6 25. Qxb6 Nxd5 26. Qa5 Ne7 27. Bb5 Nc6 28. Qxa4 d5 29. Rc5 Bf8 30. Qd1 Bxc5 31. dxc5 Qe6 32. Qh5 f6 33. Ng4 Rf8 34. Nh6+ Kg7 35. Qxg5+ Bg6 36. Ng4 Ne5 37. Qh6+ Kf7 38. Bxe5 fxe5 39. Bd7 Qe7 40. Bxc8 Rxc8 41. Rf1 1-0

[Event "Scarborough op"]
[Site "Scarborough"]
[Date "2022.10.28"]
[Round "1"]
[White "Wall, Tim"]
[Black "Mellor, Stephen D"]
[Result "1-0"]
[WhiteElo "2290"]
[BlackElo "1865"]
[PlyCount "81"]
[EventDate "2022.10.28"]
[EventType "swiss"]
[EventRounds "5"]
[EventCountry "ENG"]
[SourceTitle "EXT 2024"]
[Source "ChessBase"]
[SourceDate "2023.10.10"]
[SourceVersion "1"]
[SourceVersionDate "2023.10.10"]
[SourceQuality "1"]

1. d4 Nf6 2. Bf4 d5 3. Nc3 Bf5 4. e3 e6 5. f3 Be7 6. g4 Bg6 7. h4 h5 8. g5 Nfd7 9. Bd3 Nf8 10. Nge2 c6 11. Bg3 a5 12. Nf4 Bd6 13. Nce2 Bf5 14. Bxf5 exf5 15. Qd3 g6 16. 0-0-0 Qe7 17. Kb1 Na6 18. Rhe1 0-0-0 19. a3 Ne6 20. c4 dxc4 21. Qxc4 Nec7 22. Nc3 Bxf4 23. Bxf4 Qe6 24. Qa4 b6 25. Be5 Rhe8 26. Ne2 Nd5 27. e4 Ne3 28. Nf4 Qc4 29. Qxc4 Nxc4 30. Bf6 Rd7 31. Nd3 Nc7 32. a4 Ne6 33. b3 Nd6 34. Ne5 Rc7 35. Nc4 Nxc4 36. bxc4 f4 37. Kc2 Rd7 38. Kc3 Kc7 39. Rb1 c5 40. d5 Nd8 41. e5 1-0

[Event "London Wood Green"]
[Site "London"]
[Date "2022.07.17"]
[Round "5"]
[White "Wall, Tim"]
[Black "Willow, Jonah B"]
[Result "0-1"]
[WhiteElo "2309"]
[BlackElo "2393"]
[PlyCount "116"]
[EventDate "2022.07.14"]
[EventType "tourn"]
[EventRounds "9"]
[EventCountry "ENG"]
[EventCategory "6"]
[SourceTitle "CBM 209 Extra"]
[Source "ChessBase"]
[SourceDate "2022.09.30"]
[SourceVersion "1"]
[SourceVersionDate "2022.09.30"]
[SourceQuality "1"]

1. e4 c5 2. c3 Nf6 3. e5 Nd5 4. Nf3 Nc6 5. Bc4 Nb6 6. Bb3 c4 7. Bc2 Qc7 8. 0-0 Nxe5 9. Nxe5 Qxe5 10. Re1 Qc7 11. a4 d5 12. Qf3 a5 13. Na3 Bd7 14. Nb5 Bxb5 15. axb5 e6 16. d4 Bd6 17. Qh5 Qd7 18. Bg5 a4 19. f4 g6 20. Qh4 Be7 21. f5 gxf5 22. Bxf5 Bxg5 23. Qxg5 Qe7 24. Qh6 Kd7 25. Re5 Rhe8 26. Bg4 Rg8 27. Qf4 Rg6 28. Rf1 Rag8 29. Bh3 R8g7 30. Rh5 Kc8 31. g3 Nd7 32. Ra1 Nb6 33. Re5 Rf6 34. Qh4 h6 35. Rae1 Kb8 36. Rf5 Rgg6 37. Rh5 Qd6 38. Bg2 Ka7 39. Rhe5 Qd7 40. Ra1 Qxb5 41. Re2 Qd7 42. Re5 Qb5 43. Re2 Rg5 44. g4 Qe8 45. h3 Qb8 46. Rf2 Rxf2 47. Qxf2 f5 48. Qc2 Qd6 49. b3 cxb3 50. Qxb3 fxg4 51. h4 Rf5 52. Qb5 Qc6 53. Qa5+ Kb8 54. Rb1 Nc4 55. Qd8+ Qc8 56. Qe7 a3 57. Bf1 a2 58. Ra1 Qf8 0-1

[Event "London Wood Green"]
[Site "London"]
[Date "2022.07.16"]
[Round "4"]
[White "Harvey, Marcus Ross"]
[Black "Wall, Tim"]
[Result "1-0"]
[WhiteElo "2454"]
[BlackElo "2309"]
[PlyCount "33"]
[EventDate "2022.07.14"]
[EventType "tourn"]
[EventRounds "9"]
[EventCountry "ENG"]
[EventCategory "6"]
[SourceTitle "CBM 209 Extra"]
[Source "ChessBase"]
[SourceDate "2022.09.30"]
[SourceVersion "1"]
[SourceVersionDate "2022.09.30"]
[SourceQuality "1"]

1. c4 f5 2. g3 Nf6 3. d4 g6 4. Bg2 Bg7 5. Nc3 0-0 6. Nf3 d6 7. 0-0 Qe8 8. d5 Na6 9. Nd4 Nc5 10. b3 Nfe4 11. Bb2 Bd7 12. e3 g5 13. Nce2 a5 14. Qc2 Qg6 15. a3 e5 16. dxe6 Bxe6 17. f3 1-0

[Event "London Wood Green"]
[Site "London"]
[Date "2022.07.15"]
[Round "2"]
[White "Fernandez, Daniel Howard"]
[Black "Wall, Tim"]
[Result "0-1"]
[WhiteElo "2496"]
[BlackElo "2309"]
[PlyCount "128"]
[EventDate "2022.07.14"]
[EventType "tourn"]
[EventRounds "9"]
[EventCountry "ENG"]
[EventCategory "6"]
[SourceTitle "CBM 209 Extra"]
[Source "ChessBase"]
[SourceDate "2022.09.30"]
[SourceVersion "1"]
[SourceVersionDate "2022.09.30"]
[SourceQuality "1"]

1. e4 e5 2. Nf3 Nc6 3. Nc3 Nf6 4. a3 g6 5. Bc4 Bg7 6. d3 d6 7. 0-0 0-0 8. Be3 h6 9. h3 Be6 10. Bxe6 fxe6 11. d4 exd4 12. Nxd4 Qd7 13. f4 Nxd4 14. Bxd4 Nh5 15. Bxg7 Qxg7 16. Qg4 Rae8 17. g3 Nf6 18. Qf3 e5 19. f5 gxf5 20. exf5 c6 21. Kh2 d5 22. g4 e4 23. Qg3 Nd7 24. Ne2 Qxb2 25. g5 hxg5 26. Qxg5+ Qg7 27. Qe3 Qe5+ 28. Ng3 Kf7 29. Rab1 b6 30. f6 Rg8 31. Rf4 Nxf6 32. Rbf1 Rg6 33. Nf5 Reg8 34. Nh4 Rh6 35. Kh1 Ke8 36. Qf2 e3 37. Qf3 Rgh8 38. Rxf6 Rxf6 39. Qxf6 Qxf6 40. Rxf6 Rxh4 41. Re6+ Kf7 42. Rxe3 Rc4 43. Rf3+ Kg6 44. Rg3+ Kf5 45. c3 Ra4 46. Kg2 Rxa3 47. h4 Ra4 48. Kh3 Re4 49. h5 a5 50. Rg8 Re6 51. Kh4 Re4+ 52. Kh3 Re6 53. Kh4 a4 54. Rf8+ Rf6 55. Re8 b5 56. Re1 c5 57. Rf1+ Ke5 58. Rh1 b4 59. Kg5 Rf8 60. cxb4 cxb4 61. Kg6 a3 62. Kg7 Ra8 63. h6 a2 64. h7 Ra7+ 0-1

[Event "BCF-chT 2122 (4NCL)"]
[Site "England"]
[Date "2022.05.02"]
[Round "9.133"]
[White "Harakis, Alexis"]
[Black "Wall, Tim"]
[Result "0-1"]
[WhiteElo "2264"]
[BlackElo "2281"]
[PlyCount "170"]
[EventDate "2021.11.27"]
[EventType "team-swiss"]
[EventRounds "11"]
[EventCountry "ENG"]
[SourceTitle "EXT 2023"]
[Source "ChessBase"]
[SourceDate "2022.10.05"]
[SourceVersion "1"]
[SourceVersionDate "2022.10.05"]
[SourceQuality "1"]
[WhiteTeam "KJCA Kings"]
[BlackTeam "Chessable White Rose II"]
[WhiteTeamCountry "ENG"]
[BlackTeamCountry "ENG"]

1. d4 d5 2. c4 Bf5 3. cxd5 Bxb1 4. Rxb1 Qxd5 5. e3 Nc6 6. Ne2 e5 7. Nc3 Bb4 8. Bd2 Bxc3 9. bxc3 Nf6 10. c4 Qe4 11. d5 Nd8 12. f3 Qg6 13. Bb4 Nd7 14. Rb2 a5 15. Ba3 Qh6 16. Bd3 Qxe3+ 17. Re2 Qd4 18. Bb2 Qc5 19. f4 f6 20. fxe5 fxe5 21. Bxe5 0-0 22. Bd4 Qb4+ 23. Qd2 Nc5 24. Bc2 Qxc4 25. Qe3 Nd7 26. Bb3 Qb4+ 27. Bc3 Qd6 28. Qd4 Rf6 29. Re8+ Kf7 30. Qe3 a4 31. Bxf6 Nxf6 32. 0-0 axb3 33. Rh8 Qb6 34. Qxb6 cxb6 35. axb3 Ke7 36. g4 Ra5 37. Re1+ Kd7 38. g5 Nxd5 39. Rxh7 Ne6 40. h4 Kd6 41. Rh8 Rb5 42. Rb1 Rb4 43. Kf2 Nc3 44. Rf1 Rxb3 45. Kf3 Nd5+ 46. Ke2 Ndf4+ 47. Kd2 b5 48. h5 Rg3 49. g6 Rh3 50. Kc1 Rxh5 51. Rxh5 Nxh5 52. Rf5 Nhf4 53. Rxb5 Nd3+ 54. Kd2 Ndc5 55. Rb1 Ke5 56. Rf1 Nf4 57. Ke3 Nce6 58. Rb1 Nd5+ 59. Kd3 b6 60. Kc4 Nef4 61. Rh1 Kf5 62. Rg1 Nc7 63. Rf1 Kg5 64. Rd1 b5+ 65. Kc5 Nfe6+ 66. Kd6 Kxg6 67. Rf1 Kh5 68. Ke5 Kg4 69. Ke4 Kg3 70. Ke3 g5 71. Rg1+ Kh4 72. Rh1+ Kg4 73. Ke4 Kg3 74. Rg1+ Kf2 75. Rb1 g4 76. Rb2+ Kg3 77. Rb4 Kh3 78. Rb1 g3 79. Rh1+ Kg4 80. Ke3 Nd5+ 81. Ke4 Nef4 82. Rh8 g2 83. Rg8+ Kh3 84. Kf3 Kh2 85. Rh8+ Nh3 0-1

[Event "Dublin Easter"]
[Site "Dublin"]
[Date "2022.04.16"]
[Round "5"]
[White "Murphy, Conor"]
[Black "Wall, Tim"]
[Result "1-0"]
[WhiteElo "2403"]
[BlackElo "2291"]
[PlyCount "97"]
[EventDate "2022.04.14"]
[EventType "tourn"]
[EventRounds "9"]
[EventCountry "IRL"]
[EventCategory "6"]
[SourceTitle "CBM 207 Extra"]
[Source "ChessBase"]
[SourceDate "2022.05.31"]
[SourceVersion "1"]
[SourceVersionDate "2022.05.31"]
[SourceQuality "1"]

1. e4 c5 2. Nf3 g6 3. d4 cxd4 4. Nxd4 Bg7 5. c4 Nc6 6. Be3 Qb6 7. Nb5 Qa5+ 8. N1c3 a6 9. Nd4 d6 10. Qd2 Nf6 11. f3 0-0 12. Be2 Nxd4 13. Bxd4 Bd7 14. a3 Rab8 15. b4 Qd8 16. 0-0 b5 17. Rac1 bxc4 18. Bxc4 Bb5 19. Nxb5 axb5 20. Bb3 Ra8 21. Rc3 e6 22. Qb2 Nh5 23. Bxg7 Qb6+ 24. Qf2 Qxf2+ 25. Rxf2 Kxg7 26. Bd1 Rfc8 27. Rfc2 Rxc3 28. Rxc3 Kf6 29. g3 Ke5 30. Be2 Kd4 31. Rd3+ Ke5 32. Kf2 Rc8 33. Ke3 g5 34. Rb3 Rb8 35. Rc3 Rb7 36. Rc8 f6 37. Ra8 f5 38. Ra5 f4+ 39. Kf2 d5 40. exd5 exd5 41. Bxb5 Rc7 42. Bd3 Kd4 43. Bf5 Nf6 44. Ra6 fxg3+ 45. hxg3 Ke5 46. g4 Rf7 47. b5 Kd4 48. b6 Rb7 49. Bc8 1-0

[Event "BCF-chT 2122 (4NCL)"]
[Site "England"]
[Date "2022.03.27"]
[Round "6.53"]
[White "Blackburn, Jonathan LB"]
[Black "Wall, Tim"]
[Result "1/2-1/2"]
[WhiteElo "2227"]
[BlackElo "2281"]
[PlyCount "98"]
[EventDate "2021.11.27"]
[EventType "team-swiss"]
[EventRounds "11"]
[EventCountry "ENG"]
[SourceTitle "EXT 2023"]
[Source "ChessBase"]
[SourceDate "2022.10.05"]
[SourceVersion "1"]
[SourceVersionDate "2022.10.05"]
[SourceQuality "1"]
[WhiteTeam "West is Best"]
[BlackTeam "Chessable White Rose II"]
[WhiteTeamCountry "ENG"]
[BlackTeamCountry "ENG"]

1. d4 Nf6 2. c4 c5 3. d5 b5 4. cxb5 a6 5. e3 g6 6. Nc3 Bg7 7. Nf3 0-0 8. Bc4 d6 9. 0-0 Nbd7 10. bxa6 Nb6 11. Bb5 Bxa6 12. Bxa6 Rxa6 13. e4 Qa8 14. Re1 Na4 15. Qc2 Rb8 16. Nxa4 Rxa4 17. a3 Ng4 18. Rb1 c4 19. h3 Ne5 20. Nxe5 Bxe5 21. b3 cxb3 22. Rxb3 Rc8 23. Qb1 Rac4 24. Bb2 Bxb2 25. Qxb2 Rc2 26. Qd4 R2c4 27. Qe3 Ra4 28. h4 h5 29. Reb1 Qa7 30. Qxa7 Rxa7 31. Rb7 Rca8 32. f3 f5 33. a4 fxe4 34. fxe4 Rxb7 35. Rxb7 Kf7 36. Rb4 Rc8 37. Kf2 Rc3 38. Ke2 Kf6 39. Kd2 Rg3 40. Kc2 g5 41. hxg5+ Rxg5 42. a5 Rxg2+ 43. Kb3 Rg8 44. Kc4 h4 45. Kd4 Rg1 46. Ra4 h3 47. Ra2 Rg2 48. Ra1 h2 49. Rh1 Ra2 1/2-1/2

[Event "BCF-chT 2122 (4NCL)"]
[Site "England"]
[Date "2021.11.27"]
[Round "1.47"]
[White "Wall, Tim"]
[Black "Pollack, Oscar"]
[Result "1-0"]
[WhiteElo "2281"]
[BlackElo "2014"]
[PlyCount "89"]
[EventDate "2021.11.27"]
[EventType "team-swiss"]
[EventRounds "11"]
[EventCountry "ENG"]
[SourceTitle "EXT 2023"]
[Source "ChessBase"]
[SourceDate "2022.10.05"]
[SourceVersion "1"]
[SourceVersionDate "2022.10.05"]
[SourceQuality "1"]
[WhiteTeam "Chessable White Rose"]
[BlackTeam "Barnet Knights"]
[WhiteTeamCountry "ENG"]
[BlackTeamCountry "ENG"]

1. e4 e6 2. d4 d5 3. exd5 exd5 4. Nf3 Nc6 5. Bb5 Bd6 6. c4 dxc4 7. d5 a6 8. Ba4 b5 9. dxc6 bxa4 10. 0-0 Ne7 11. Nbd2 0-0 12. Nxc4 Nxc6 13. Qxa4 Bd7 14. Nxd6 cxd6 15. Qf4 Ne5 16. Bd2 Bb5 17. Rfb1 Rc8 18. Bc3 Rc4 19. Nd4 Qb6 20. Rd1 Rfc8 21. Qg3 Bd7 22. h3 Qd8 23. Rd2 h5 24. Rad1 h4 25. Qf4 Ba4 26. Re1 Ng6 27. Qe3 Qc7 28. Rde2 Re8 29. Qd2 Rxe2 30. Rxe2 Rc5 31. Nf3 Bb5 32. Re1 Bc6 33. Qd4 f6 34. Bb4 Rd5 35. Qc4 Qb7 36. Rc1 Bb5 37. Qg4 Be2 38. Qe6+ Kh7 39. Qxe2 Qxb4 40. Rc4 Qb7 41. Qc2 Rh5 42. Nxh4 Rg5 43. Rg4 Rxg4 44. hxg4 Qf7 45. Qf5 1-0